Green Day Lyrics - Boulevard of Broken Dreams - Statistics

General Stats
  • This quiz has been taken 460 times
  • The average score is 219 of 270
Answer Stats
Boulevard % Correct
I
100%
a
99%
a-
99%
walk
99%
On
98%
The
98%
the
98%
only
97%
know
96%
lonely
96%
me,
96%
me
96%
one
96%
one,
96%
road
96%
that
96%
That
96%
alone
95%
alone,
95%
ever
95%
have
93%
where
92%
Where
92%
known
91%
and
90%
And
90%
My
90%
my
90%
it
89%
of
89%
Of
89%
But
88%
Broken
87%
Don't
87%
Dreams
87%
goes
86%
Boulevard
85%
beside
84%
shadow's
84%
then,
83%
it's
81%
I'm
80%
walks
80%
street
79%
city
78%
empty
76%
that's
76%
thing
76%
beatin'
75%
sleeps
75%
heart's
74%
shallow
73%
this
73%
to
69%
To
69%
find
67%
wish
67%
'Til
66%
will
65%
someone
64%
Sometimes,
64%
there
62%
in
59%
line
58%
out
57%
up
57%
fucked
51%
mind
50%
vital
49%
alright
48%
Check
48%
down
48%
signs
48%
still
48%
What's
48%
Ah-
47%
ah,
47%
ah-
47%
ah
47%
home
47%
everything's
46%
alive,
45%
borderline
43%
between
42%
walkin'
42%
somewhere
41%
divides
38%
edge
38%
lines
38%
Read
32%
No matching quizzes found
Score Distribution
Percent of People with Each Score
Percentile by Number Answered
Your Score History
You have not taken this quiz